একালের প্রবন্ধ ও সমালোচনা সাহিত্য / (Record no. 54513)
[ view plain ]
| 000 -LEADER | |
|---|---|
| fixed length control field | 01130nam a2200253 a 4500 |
| 001 - CONTROL NUMBER | |
| control field | 54513 |
| 003 - CONTROL NUMBER IDENTIFIER | |
| rucl marc code | BD-RjUL |
| 005 - DATE AND TIME OF LATEST TRANSACTION | |
| control field | 20211209080130.0 |
| 008 - FIXED-LENGTH DATA ELEMENTS--GENERAL INFORMATION | |
| fixed length control field | 161107s2004 ii ||||| b||| 00| e ben d |
| 020 ## - INTERNATIONAL STANDARD BOOK NUMBER | |
| International Standard Book Number | 8185471223 |
| Terms of availability | : Tk. 100.00 |
| 035 ## - SYSTEM CONTROL NUMBER | |
| System control number | (BD-RjUL)54635 |
| 040 ## - CATALOGING SOURCE | |
| Original cataloging agency | BD-RjUL |
| Language of cataloging | ben |
| Transcribing agency | BD-RjUL |
| 041 ## - LANGUAGE CODE | |
| Language code of text/sound track or separate title | ben |
| 082 ## - DEWEY DECIMAL CLASSIFICATION NUMBER | |
| Edition number | 23 |
| Classification number | 891.44409 |
| Author mark and year | MUA 2004 |
| 100 ## - MAIN ENTRY--PERSONAL NAME | |
| Personal name | মুখোপাধ্যায়, ধ্রুবকুমার |
| 9 (RLIN) | 118824 |
| 245 10 - TITLE STATEMENT | |
| Title | একালের প্রবন্ধ ও সমালোচনা সাহিত্য / |
| Statement of responsibility, etc. | ধ্রুবকুমার মুখোপাধ্যায় |
| 250 ## - EDITION STATEMENT | |
| Edition statement | ৩য় পরিবর্জিত ও পরিবর্ধিত সং. |
| 260 ## - PUBLICATION, DISTRIBUTION, ETC. (IMPRINT) | |
| Place of publication, distribution, etc. | কলকাতা : |
| Name of publisher, distributor, etc. | পুস্তক বিপণী, |
| Date of publication, distribution, etc. | ২০০৪ |
| 300 ## - PHYSICAL DESCRIPTION | |
| Pagination | ২৫৪ পৃ. ; |
| Size | ২৩ সেমি. |
| 504 ## - BIBLIOGRAPHY, ETC. NOTE | |
| Bibliography, etc | গ্রন্থপঞ্জি সংযুক্ত |
| 650 ## - SUBJECT ADDED ENTRY--TOPICAL TERM | |
| Topical term or geographic name as entry element | বাংলা প্রবন্ধ |
| General subdivision | ইতিহাস ও সমালোচনা |
| 9 (RLIN) | 120541 |
| Topical term or geographic name as entry element | Bengali Essays |
| General subdivision | History and Criticism |
| 9 (RLIN) | 120542 |
| 942 ## - ADDED ENTRY ELEMENTS (KOHA) | |
| Source of classification or shelving scheme | Dewey Decimal Classification |
| Koha item type | Books |
| Lost status | Source of classification or shelving scheme | Damaged status | Not for loan | Collection code | Permanent Location | Current Location | Shelving location | Date acquired | Source of acquisition | Cost, normal purchase price | Total Checkouts | Full call number | Date last seen | Date checked out | Copy number | Koha item type |
|---|---|---|---|---|---|---|---|---|---|---|---|---|---|---|---|---|
| Dewey Decimal Classification | Non-fiction | Central Library, University of Rajshahi | Central Library, University of Rajshahi | 26/05/2007 | Paragogn Enterprise, Dhaka | 100.00 | 1 | B 891.44409 MUA 2004 | 05/11/2023 | 15/10/2023 | C-2 | Books | ||||
| Dewey Decimal Classification | Not For Loan | Non-fiction | Central Library, University of Rajshahi | Central Library, University of Rajshahi | Reading Room | 26/05/2007 | Paragon Enterprises Dhaka | 100.00 | B 891.44409 MUA 2004 | 02/02/2017 | C-1 | Books |